<?xml version="1.0" encoding="UTF-8"?>
<record
    xmlns:xsi="http://www.w3.org/2001/XMLSchema-instance"
    xsi:schemaLocation="http://www.loc.gov/MARC21/slim http://www.loc.gov/standards/marcxml/schema/MARC21slim.xsd"
    xmlns="http://www.loc.gov/MARC21/slim">

  <leader>01480nam0a2200349 i 4500</leader>
  <controlfield tag="001">RU\NLR\BIBL_A\010950965</controlfield>
  <controlfield tag="005">20260407065159.0</controlfield>
  <datafield tag="010" ind1=" " ind2=" ">
    <subfield code="a">9785389105706</subfield>
    <subfield code="9">8000</subfield>
  </datafield>
  <datafield tag="021" ind1=" " ind2=" ">
    <subfield code="a">RU</subfield>
    <subfield code="b">2015-98356</subfield>
    <subfield code="9">6115</subfield>
  </datafield>
  <datafield tag="035" ind1=" " ind2=" ">
    <subfield code="a">(NILC)RuMoRGB-008101743</subfield>
  </datafield>
  <datafield tag="035" ind1=" " ind2=" ">
    <subfield code="a">(NLR Aleph) 010950965</subfield>
  </datafield>
  <datafield tag="090" ind1=" " ind2=" ">
    <subfield code="a">10779364</subfield>
    <subfield code="c">10779364</subfield>
  </datafield>
  <datafield tag="100" ind1=" " ind2=" ">
    <subfield code="a">20160114d2016    km y0rusy50      ca</subfield>
  </datafield>
  <datafield tag="101" ind1="1" ind2=" ">
    <subfield code="a">rus</subfield>
    <subfield code="c">swe</subfield>
  </datafield>
  <datafield tag="102" ind1=" " ind2=" ">
    <subfield code="a">RU</subfield>
  </datafield>
  <datafield tag="105" ind1=" " ind2=" ">
    <subfield code="a">a|||z|||000ay</subfield>
  </datafield>
  <datafield tag="200" ind1="1" ind2=" ">
    <subfield code="a">&#x41F;&#x440;&#x438;&#x43A;&#x43B;&#x44E;&#x447;&#x435;&#x43D;&#x438;&#x44F; &#x432; &#x411;&#x44E;&#x43B;&#x43B;&#x435;&#x440;&#x431;&#x44E;</subfield>
    <subfield code="e">&#x432;&#x435;&#x441;&#x435;&#x43B;&#x44B;&#x435; &#x438;&#x441;&#x442;&#x43E;&#x440;&#x438;&#x438;</subfield>
    <subfield code="e">[&#x434;&#x43B;&#x44F; &#x43C;&#x43B;&#x430;&#x434;&#x448;&#x435;&#x433;&#x43E; &#x448;&#x43A;&#x43E;&#x43B;&#x44C;&#x43D;&#x43E;&#x433;&#x43E; &#x432;&#x43E;&#x437;&#x440;&#x430;&#x441;&#x442;&#x430;]</subfield>
    <subfield code="f">&#x410;&#x441;&#x442;&#x440;&#x438;&#x434; &#x41B;&#x438;&#x43D;&#x434;&#x433;&#x440;&#x435;&#x43D;</subfield>
    <subfield code="g">&#x43F;&#x435;&#x440;. &#x441;&#x43E; &#x448;&#x432;&#x435;&#x434;. &#x41B;. &#x413;. &#x413;&#x43E;&#x440;&#x43B;&#x438;&#x43D;&#x43E;&#x439;</subfield>
    <subfield code="g">&#x445;&#x443;&#x434;&#x43E;&#x436;. &#x418;&#x43B;&#x43E;&#x43D; &#x412;&#x438;&#x43A;&#x43B;&#x430;&#x43D;&#x434;</subfield>
  </datafield>
  <datafield tag="210" ind1=" " ind2=" ">
    <subfield code="a">&#x41C;&#x43E;&#x441;&#x43A;&#x432;&#x430;</subfield>
    <subfield code="c">&#x41C;&#x430;&#x445;&#x430;&#x43E;&#x43D;</subfield>
    <subfield code="d">2016</subfield>
    <subfield code="d">[&#x442;.&#x435;. 2015]</subfield>
  </datafield>
  <datafield tag="215" ind1=" " ind2=" ">
    <subfield code="a">77, [2] &#x441;.</subfield>
    <subfield code="c">&#x446;&#x432;. &#x438;&#x43B;.</subfield>
    <subfield code="d">29</subfield>
  </datafield>
  <datafield tag="300" ind1=" " ind2=" ">
    <subfield code="a">&#x424;&#x430;&#x43A;&#x442;&#x438;&#x447;&#x435;&#x441;&#x43A;&#x430;&#x44F; &#x434;&#x430;&#x442;&#x430; &#x432;&#x44B;&#x445;&#x43E;&#x434;&#x430; &#x432; &#x441;&#x432;&#x435;&#x442; - 2015</subfield>
  </datafield>
  <datafield tag="327" ind1="1" ind2=" ">
    <subfield code="a">&#x421;&#x43E;&#x434;&#x435;&#x440;&#x436;.: &#x414;&#x435;&#x43D;&#x44C; &#x440;&#x435;&#x431;&#x435;&#x43D;&#x43A;&#x430; &#x432; &#x411;&#x44E;&#x43B;&#x43B;&#x435;&#x440;&#x431;&#x44E;; &#x412;&#x435;&#x441;&#x43D;&#x430; &#x432; &#x411;&#x44E;&#x43B;&#x43B;&#x435;&#x440;&#x431;&#x44E;; &#x420;&#x43E;&#x436;&#x434;&#x435;&#x441;&#x442;&#x432;&#x43E; &#x432; &#x411;&#x44E;&#x43B;&#x43B;&#x435;&#x440;&#x431;&#x44E;</subfield>
  </datafield>
  <datafield tag="333" ind1=" " ind2=" ">
    <subfield code="a">0+</subfield>
  </datafield>
  <datafield tag="675" ind1=" " ind2=" ">
    <subfield code="a">821.113-93</subfield>
  </datafield>
  <datafield tag="686" ind1="0" ind2=" ">
    <subfield code="a">&#x428;9(4&#x428;&#x432;)60-4</subfield>
  </datafield>
  <datafield tag="700" ind1=" " ind2="1">
    <subfield code="8">rus</subfield>
    <subfield code="7">ca</subfield>
    <subfield code="a">&#x41B;&#x438;&#x43D;&#x434;&#x433;&#x440;&#x435;&#x43D;</subfield>
    <subfield code="b">&#x410;.</subfield>
    <subfield code="f">1907-2002</subfield>
    <subfield code="g">&#x410;&#x441;&#x442;&#x440;&#x438;&#x434;</subfield>
    <subfield code="3">RU\NLR\AUTH\7715976</subfield>
    <subfield code="9">125621</subfield>
  </datafield>
  <datafield tag="702" ind1=" " ind2="1">
    <subfield code="4">040</subfield>
    <subfield code="8">rus</subfield>
    <subfield code="7">ca</subfield>
    <subfield code="a">&#x412;&#x438;&#x43A;&#x43B;&#x430;&#x43D;&#x434;</subfield>
    <subfield code="b">&#x418;.</subfield>
    <subfield code="g">&#x418;&#x43B;&#x43E;&#x43D;</subfield>
    <subfield code="f">1930-</subfield>
    <subfield code="3">RU\NLR\AUTH\7758351</subfield>
    <subfield code="9">41283</subfield>
  </datafield>
  <datafield tag="801" ind1=" " ind2="0">
    <subfield code="a">RU</subfield>
    <subfield code="b">&#x420;&#x413;&#x411;</subfield>
    <subfield code="c">20151222</subfield>
    <subfield code="g">RCR</subfield>
  </datafield>
  <datafield tag="801" ind1=" " ind2="2">
    <subfield code="a">RU</subfield>
    <subfield code="b">&#x420;&#x413;&#x411;</subfield>
    <subfield code="c">20151225</subfield>
    <subfield code="g">rcr</subfield>
  </datafield>
  <datafield tag="942" ind1=" " ind2=" ">
    <subfield code="c">BOOK</subfield>
  </datafield>
  <datafield tag="980" ind1=" " ind2=" ">
    <subfield code="a">NBR</subfield>
  </datafield>
</record>
